Mastering Psychology

Guardado en:
Detalles Bibliográficos
Autor principal: Lefton, Lester A.
Otros Autores: Valvatne, Laura
Formato: Libro
Lenguaje:inglés
Publicado: Boston Allyn and Bacon 1988
Edición:3. ed.
Materias:
Etiquetas: Agregar Etiqueta
Sin Etiquetas, Sea el primero en etiquetar este registro!

MARC

LEADER 00000nam a2200000 4500
001 c003993
005 20221206134350.2
020 |a 0-205-11903-4 
041 0 |a eng 
044 |a US 
245 1 0 |a Mastering Psychology  |c Lester A. Lefton, Laura Valvatne 
250 |a 3. ed. 
264 1 |a Boston  |b Allyn and Bacon  |c 1988 
300 |a 700 s. 
610 2 0 |a psychológia 
610 2 0 |a psychológia sociálna 
100 1 |a Lefton, Lester A. 
700 1 |a Valvatne, Laura